Statistics for 2012 F1 Season

Click here to take the quiz!

General Stats

  • This quiz has been taken 45 times
  • The average score is 13 of 15

Answer Stats

Answer% Correct
Fernando Alonso
100%
Lewis Hamilton
100%
Sebastian Vettel
100%
Felipe Massa
98%
Jenson Button
98%
Mark Webber
98%
Pastor Maldonado
98%
Michael Schumacher
93%
Nico Rosberg
93%
Kimi Raikkonen
89%
Sergio Perez
84%
Romain Grosjean
77%
Kamui Kobayashi
73%
Nico Hulkenberg
64%
Bruno Senna
52%

Score Distribution

Percentile by Number Answered

Percent of People with Each Score

Your Score History

You have not taken this quiz